1511 1051 1325 1981 1144 1070 1245 1431 1838 1319 1078 1512 1432 1498 1427 1530 1080 1877 1261 1857 1183 1611 1285 1559 1346 1334 1607 1466 1652 1792 1958 1016 1903 1444 1751 1571 1228 1363 1224 1637 1800 1996 1818 1446 1425 1548 1559 1420 1458 1627 1165 1143 1378 1908 1429 1173 1516 1636 1629 1803 1319 1436 1916 1340 1721 1582 1163 1280 1231 1144 1733 1890 1485 1582 1606 1168 1736 1804 1462 1023 1111 1069 1330 1817 1539 1222 1279 1520 1637 1879 1487 1168 1653 1874 1116 1297 1502 1503 1718 BCNSPRNW ULIB Ver.6.0+V

เปลี่ยนเป็นภาษาไทย

Change to English
 แสดงรายละเอียดบรรณานุกรม
  กลับหน้าหลัก

Brief Record : Get Marc (ISO 2709) : E-mail record : QR code < ปิดหน้าต่าง
LEADER : 00000nam 2200000uu 4500
001    13399112248
003     ULIB
008    110802s2554||||th 000 0 tha d
020    9786165020749
090    นว.^bจ195พ 2554
100 0  จอมจินดา
245 00 พรหมพยศกบฏหัวใจ/^cจอมจินดา
260    กรุงเทพฯ:^bSugar Beat,^c2554.
300    326 หน้า
945    ^p220^l0^i18466
995    เกษร
999 ^a ใช้งานได้ทุกระบบ
รายการนี้ยังไม่มีแท็ก
คุณยังไม่ได้ล็อกอิน คุณสามารถมีกิจกรรมร่วมกับเว็บไซต์ได้ แต่ต้องล็อกอินก่อน ::
  ล็อกอิน

รายการสื่อสารสนเทศ

ลำดับที่ ประเภท เลขเรียก/บาร์โค้ด สถานที่ สถานะ
1. วิทยาศาสตร์การแพทย์ และสุขภาพ
วิทยาศาสตร์การแพทย์ และสุขภาพ
นว. จ195พ 2554  
  Barcode: 18466
ห้องสมุดวิทยาเขตสวรรค์ประชารักษ์
►นวนิยาย
บนชั้น
  ขอยืม

รายการใกล้เคียง
    ผู้แต่ง [จอมจินดา]

BibComment


ยังไม่เคยถูกคอมเมนท์

คอมเมนท์ทรัพยากรรายการนี้
  คอมเมนท์: พรหมพยศกบฏหัวใจ จ..


 Copyright 2026. Bcnsprnw @Library